[Event "Bayern-chI Bank Hofmann 19th"]
[Site "Bad Wiessee"]
[Date "2015.11.03"]
[Round "4"]
[White "Alekseev, Evgeny V"]
[Black "Bigalke, Tobias"]
[Result "1-0"]
[WhiteElo "2642"]
[BlackElo "2163"]
[PlyCount "51"]
[EventDate "2015.10.31"]
[EventType "swiss"]
[EventRounds "9"]
[EventCountry "GER"]
[SourceTitle "CBM 169 Extra"]
[Source "ChessBase"]
[SourceDate "2015.12.18"]
[SourceVersion "1"]
[SourceVersionDate "2015.12.18"]
[SourceQuality "1"]

1. e4 e6 2. d4 d5 3. Nc3 Bb4 4. exd5 exd5 5. Bd3 Nc6 6. a3 Bxc3+ 7. bxc3 Qf6 8. Rb1 Nge7 9. Ne2 Na5 10. Ng3 0-0 11. 0-0 c6 12. Qh5 g6 13. Qh6 Nf5 14. Bxf5 Bxf5 15. Bg5 Qg7 16. Qh4 Bxc2 17. Rb2 Bd3 18. Rd1 Ba6 19. Bh6 g5 20. Bxg5 Qg6 21. Nh5 h6 22. Be7 Rfc8 23. Re1 Nc4 24. Nf4 Qh7 25. Rbe2 c5 26. Nxd5 1-0

[Event "GER-chT U20"]
[Site "Osnabrueck"]
[Date "2011.12.29"]
[Round "6.1"]
[White "Bigalke, Tobias"]
[Black "Di Capua, Francesco Stefano"]
[Result "1/2-1/2"]
[WhiteElo "2211"]
[BlackElo "1715"]
[PlyCount "42"]
[EventDate "2011.12.27"]
[EventType "team-swiss"]
[EventRounds "7"]
[EventCountry "GER"]
[SourceTitle "CBM 146 Extra"]
[Source "ChessBase"]
[SourceDate "2012.02.29"]
[SourceVersion "1"]
[SourceVersionDate "2012.02.29"]
[SourceQuality "1"]
[WhiteTeam "Vaterstetten"]
[BlackTeam "Gernsheim"]
[WhiteTeamCountry "GER"]
[BlackTeamCountry "GER"]

1. e4 e5 2. Nc3 Nc6 3. Bc4 Bc5 4. Nf3 d6 5. h3 Nf6 6. d3 h6 7. a3 0-0 8. Na4 b6 9. Nxb6 axb6 10. 0-0 Be6 11. Bxe6 fxe6 12. c3 Qe8 13. Be3 Nh5 14. d4 Nf4 15. dxe5 Nxg2 16. Kxg2 Qg6+ 17. Kh2 Qxe4 18. Nd2 Qxe5+ 19. Kh1 Qd5+ 20. Kh2 Qe5+ 21. Kh1 Qd5+ 1/2-1/2

[Event "GER-chT U20"]
[Site "Osnabrueck"]
[Date "2011.12.29"]
[Round "5.1"]
[White "Grunwald, Martin"]
[Black "Bigalke, Tobias"]
[Result "0-1"]
[WhiteElo "1723"]
[BlackElo "2211"]
[PlyCount "64"]
[EventDate "2011.12.27"]
[EventType "team-swiss"]
[EventRounds "7"]
[EventCountry "GER"]
[SourceTitle "CBM 146 Extra"]
[Source "ChessBase"]
[SourceDate "2012.02.29"]
[SourceVersion "1"]
[SourceVersionDate "2012.02.29"]
[SourceQuality "1"]
[WhiteTeam "Dresden"]
[BlackTeam "Vaterstetten"]
[WhiteTeamCountry "GER"]
[BlackTeamCountry "GER"]

1. e4 e6 2. d4 d5 3. Nd2 Nf6 4. e5 Nfd7 5. Bd3 c5 6. c3 Nc6 7. Ne2 Qb6 8. Nf3 f6 9. exf6 Nxf6 10. 0-0 Bd6 11. dxc5 Bxc5 12. b4 Bd6 13. Be3 Qc7 14. Ned4 Nxd4 15. cxd4 0-0 16. Qb3 Bd7 17. Rfc1 Qb6 18. b5 Ng4 19. Qc2 h6 20. Qe2 Nxe3 21. Qxe3 Bf4 22. Qe2 Bxc1 23. Rxc1 Rac8 24. Rd1 Rf6 25. Ne5 Be8 26. a4 Kh8 27. Bb1 Rc3 28. Qd2 Qc7 29. Ng4 Rf8 30. Ne5 Kg8 31. Nc6 Qf4 32. Ne7+ Kh8 0-1

[Event "Bayernliga U20 1011"]
[Site "Bayern"]
[Date "2011.01.22"]
[Round "5.1"]
[White "Eibl, Maximilian"]
[Black "Bigalke, Tobias"]
[Result "0-1"]
[WhiteElo "2047"]
[BlackElo "2211"]
[PlyCount "134"]
[EventDate "2010.10.16"]
[EventType "team-tourn"]
[EventRounds "7"]
[EventCountry "GER"]
[SourceTitle "EXT 2022"]
[Source "ChessBase"]
[SourceDate "2021.10.06"]
[SourceVersion "1"]
[SourceVersionDate "2021.10.06"]
[SourceQuality "1"]
[WhiteTeam "Kelheim SK U20"]
[BlackTeam "Vaterstetten SC U20"]
[WhiteTeamCountry "GER"]
[BlackTeamCountry "GER"]

1. e4 e6 2. d4 d5 3. Nc3 Bb4 4. exd5 exd5 5. Bd3 Be6 6. a3 Be7 7. Qf3 Nf6 8. h3 Nbd7 9. Nge2 c5 10. Be3 c4 11. Bf5 Qb6 12. g4 h6 13. h4 0-0-0 14. 0-0-0 Qa5 15. g5 b5 16. gxf6 Nxf6 17. Bd2 Qb6 18. Bxe6+ fxe6 19. Nf4 Rhe8 20. Qh3 Rd6 21. Rhe1 Bf8 22. Ng6 a5 23. Bf4 Rc6 24. Nb1 Kb7 25. Nxf8 Rxf8 26. Qg2 Ne8 27. Be5 b4 28. c3 Qd8 29. Qg3 Qe7 30. Re3 Nf6 31. Bxf6 Qxf6 32. f3 b3 33. Rg1 Rf7 34. Qg6 Qf4 35. Rge1 e5 36. Qh5 exd4 37. Qxf7+ Qxf7 38. Re7+ Rc7 39. Rxf7 Rxf7 40. cxd4 Rxf3 41. Rg1 Kc6 42. Rg6+ Kd7 43. Rxg7+ Ke6 44. Nd2 Rh3 45. Kd1 Rxh4 46. Rg6+ Kd7 47. Ke2 Rh2+ 48. Ke3 h5 49. Ra6 h4 50. Rxa5 Kd6 51. Ra6+ Kc7 52. Rh6 h3 53. a4 Rh1 54. a5 h2 55. Nf3 c3 56. bxc3 b2 57. Rb6 Re1+ 58. Nxe1 h1Q 59. Rxb2 Qxe1+ 60. Kd3 Qd1+ 61. Rd2 Qb1+ 62. Rc2 Kc6 63. Kd2 Kb5 64. Rc1 Qe4 65. Re1 Qf4+ 66. Kd3 Qf3+ 67. Re3 Qd1# 0-1

[Event "Bayernliga U20 1011"]
[Site "Bayern"]
[Date "2010.12.04"]
[Round "3.1"]
[White "Schindlbeck, Tobias"]
[Black "Bigalke, Tobias"]
[Result "1-0"]
[WhiteElo "2132"]
[BlackElo "2211"]
[PlyCount "63"]
[EventDate "2010.10.16"]
[EventType "team-tourn"]
[EventRounds "7"]
[EventCountry "GER"]
[SourceTitle "EXT 2022"]
[Source "ChessBase"]
[SourceDate "2021.10.06"]
[SourceVersion "1"]
[SourceVersionDate "2021.10.06"]
[SourceQuality "1"]
[WhiteTeam "Ergolding FC U20"]
[BlackTeam "Vaterstetten SC U20"]
[WhiteTeamCountry "GER"]
[BlackTeamCountry "GER"]

1. d4 d5 2. Nf3 Nf6 3. e3 g6 4. c4 c6 5. Nc3 Bg7 6. Be2 0-0 7. Qb3 b6 8. a4 Bb7 9. 0-0 Nbd7 10. a5 dxc4 11. Bxc4 b5 12. Ne5 Nxe5 13. dxe5 Ng4 14. f4 Qc8 15. Be2 a6 16. e4 c5 17. Nd5 Bxd5 18. exd5 Rd8 19. Rd1 Nh6 20. Be3 Nf5 21. Bf2 h5 22. Qa3 f6 23. Bxc5 fxe5 24. Bxe7 Re8 25. d6 Qd7 26. Bf3 Rac8 27. Bd5+ Kh7 28. Bf7 b4 29. Qb3 Nd4 30. Qd3 Qg4 31. h3 Ne2+ 32. Kh1 1-0

[Event "Bayern-chI Bank Hofmann 13th"]
[Site "Bad Wiessee"]
[Date "2009.11.07"]
[Round "9"]
[White "Bigalke, Tobias"]
[Black "Lang, Ferdinand"]
[Result "1-0"]
[WhiteElo "2163"]
[BlackElo "2156"]
[PlyCount "61"]
[EventDate "2009.10.31"]
[EventType "swiss"]
[EventRounds "9"]
[EventCountry "GER"]
[SourceTitle "EXT 2010"]
[Source "ChessBase"]
[SourceDate "2010.11.25"]
[SourceVersion "1"]
[SourceVersionDate "2010.11.25"]
[SourceQuality "1"]

1. e4 e5 2. Nc3 Nc6 3. Bc4 d6 4. d3 h6 5. a3 Nf6 6. Nge2 Be7 7. h3 a6 8. Be3 0-0 9. Qd2 Be6 10. Nd5 Qd7 11. Ba2 Rab8 12. f4 Bxd5 13. exd5 exf4 14. Nxf4 Ne5 15. 0-0 g5 16. Ne2 Nh5 17. d4 Ng6 18. Rae1 f5 19. Qd3 Kg7 20. c4 Rf6 21. Bb1 Rbf8 22. Bd2 R8f7 23. Ng3 Nxg3 24. Qxg3 Nh4 25. Qd3 Kg8 26. g3 f4 27. gxh4 f3 28. Re6 f2+ 29. Kg2 Rf3 30. Qg6+ Rg7 31. Qxh6 1-0

[Event "Bayern-chI Bank Hofmann 13th"]
[Site "Bad Wiessee"]
[Date "2009.11.03"]
[Round "5"]
[White "Bigalke, Tobias"]
[Black "Bykhovsky, Anatoly"]
[Result "0-1"]
[WhiteElo "2163"]
[BlackElo "2474"]
[PlyCount "82"]
[EventDate "2009.10.31"]
[EventType "swiss"]
[EventRounds "9"]
[EventCountry "GER"]
[SourceTitle "EXT 2010"]
[Source "ChessBase"]
[SourceDate "2010.11.25"]
[SourceVersion "1"]
[SourceVersionDate "2010.11.25"]
[SourceQuality "1"]

1. e4 c5 2. Nf3 e6 3. d3 Nc6 4. g3 g6 5. Bg2 Bg7 6. 0-0 Nge7 7. c3 e5 8. Be3 d6 9. Qd2 0-0 10. d4 exd4 11. cxd4 d5 12. exd5 Nxd5 13. Bh6 Bxh6 14. Qxh6 Nxd4 15. Nxd4 cxd4 16. Rd1 Nc7 17. Nc3 Bf5 18. Nd5 Nxd5 19. Rxd4 Qb6 20. Rxd5 Qxb2 21. Rad1 Bg4 22. f3 Be6 23. R5d2 Qb6+ 24. Kh1 Rad8 25. a3 Rc8 26. h4 Rc3 27. h5 Rxa3 28. hxg6 hxg6 29. Rd6 Ra1 30. Rxb6 Rxd1+ 31. Kh2 axb6 32. Qe3 b5 33. Qe2 Rd5 34. g4 Rfd8 35. Kg3 b4 36. f4 Rd2 37. Qe5 R8d3+ 38. Kh4 Rxg2 39. f5 Bxf5 40. Kg5 Bxg4 41. Qe8+ Kg7 0-1

[Event "GER-ch U18"]
[Site "Willingen"]
[Date "2009.06.05"]
[Round "8"]
[White "Huschenbeth, Niclas"]
[Black "Bigalke, Tobias"]
[Result "1-0"]
[WhiteElo "2425"]
[BlackElo "2112"]
[PlyCount "37"]
[EventDate "2009.05.30"]
[EventType "swiss"]
[EventRounds "9"]
[EventCountry "GER"]
[SourceTitle "CBM 130 Extra"]
[Source "ChessBase"]
[SourceDate "2009.07.02"]
[SourceVersion "2"]
[SourceVersionDate "2009.07.15"]
[SourceQuality "1"]

1. e4 e6 2. d4 d5 3. Nc3 Nf6 4. e5 Nfd7 5. f4 c5 6. Nf3 Nc6 7. Be3 Be7 8. Qd2 0-0 9. dxc5 Bxc5 10. Bxc5 Nxc5 11. 0-0-0 Qa5 12. h4 Bd7 13. Rh3 b5 14. f5 exf5 15. Rg3 Ne6 16. Qh6 g6 17. Nxd5 f6 18. Nxf6+ Rxf6 19. exf6 1-0

[Event "GER-ch U18"]
[Site "Willingen"]
[Date "2009.06.02"]
[Round "5"]
[White "Bigalke, Tobias"]
[Black "Dann, Matthias"]
[Result "0-1"]
[WhiteElo "2112"]
[BlackElo "2236"]
[PlyCount "142"]
[EventDate "2009.05.30"]
[EventType "swiss"]
[EventRounds "9"]
[EventCountry "GER"]
[SourceTitle "CBM 130 Extra"]
[Source "ChessBase"]
[SourceDate "2009.07.02"]
[SourceVersion "2"]
[SourceVersionDate "2009.07.15"]
[SourceQuality "1"]

1. e4 d5 2. exd5 Qxd5 3. Nc3 Qa5 4. d4 Nf6 5. Nf3 c6 6. Be2 Bf5 7. 0-0 e6 8. Ne5 Nbd7 9. Bf4 Nxe5 10. Bxe5 Bb4 11. Nb1 Rd8 12. c3 Bd6 13. Bxd6 Rxd6 14. Nd2 Rd8 15. Qb3 Qc7 16. Nf3 0-0 17. Rfe1 Nd5 18. g3 h6 19. a4 a5 20. Ne5 c5 21. Nf3 b6 22. Rad1 Nf6 23. Qb5 Be4 24. Qb3 Bd5 25. Qa3 Bxf3 26. Bxf3 cxd4 27. cxd4 Rd6 28. Rd3 Rfd8 29. Red1 Qd7 30. Bg2 Nd5 31. Qb3 Nb4 32. R3d2 Kh8 33. f4 b5 34. axb5 Qxb5 35. Kh1 Qb6 36. Qc3 Nd5 37. Qa3 Ne7 38. Qc3 Nf5 39. d5 Ne3 40. Re1 Nxg2 41. Kxg2 Rxd5 42. Rc2 Rd3 43. Qc4 Qb7+ 44. Kh3 Qf3 45. Qe4 Qh5+ 46. Kg2 Kg8 47. Ree2 Qg4 48. Rc3 Rd2 49. Rc2 R2d4 50. Qe5 R8d5 51. h3 Qg6 52. Qe3 Rd3 53. Qf2 Kh7 54. Kh2 h5 55. Red2 h4 56. g4 Rxd2 57. Rxd2 Rxd2 58. Qxd2 Qe4 59. Qf2 Kg6 60. Kg1 a4 61. Kh2 e5 62. fxe5 Qxe5+ 63. Kg2 Qe4+ 64. Kh2 Kg5 65. Kg1 f6 66. Qd2+ Kg6 67. Qf2 Qd3 68. Kh2 Kg5 69. Qc5+ Kf4 70. Qf5+ Ke3 71. Qe6+ Kd2 0-1

[Event "GER-ch U18"]
[Site "Willingen"]
[Date "2009.06.02"]
[Round "4"]
[White "Bigalke, Tobias"]
[Black "Poetsch, Hagen"]
[Result "0-1"]
[WhiteElo "2112"]
[BlackElo "2281"]
[PlyCount "52"]
[EventDate "2009.05.30"]
[EventType "swiss"]
[EventRounds "9"]
[EventCountry "GER"]
[SourceTitle "CBM 130 Extra"]
[Source "ChessBase"]
[SourceDate "2009.07.02"]
[SourceVersion "2"]
[SourceVersionDate "2009.07.15"]
[SourceQuality "1"]

1. e4 e6 2. f4 d5 3. e5 c5 4. Nf3 Nc6 5. c3 Nh6 6. Na3 f6 7. Nc2 fxe5 8. fxe5 Nxe5 9. Bb5+ Bd7 10. Bxd7+ Nxd7 11. d4 Bd6 12. Bg5 Qb6 13. Qe2 Bc7 14. 0-0-0 0-0 15. Bxh6 gxh6 16. Kb1 Rae8 17. g4 Nf6 18. dxc5 Qxc5 19. g5 Ne4 20. Rhg1 Rxf3 21. gxh6+ Kh8 22. Rg7 Ref8 23. Qg2 Be5 24. Ka1 Rf2 25. Qg4 Rxc2 26. Rg1 Qxg1+ 0-1

[Event "Bayern-B U16"]
[Site "Oberhaching"]
[Date "2006.08.06"]
[Round "1"]
[White "Bigalke, Tobias"]
[Black "Linsenmeyer, Mario"]
[Result "0-1"]
[WhiteElo "2057"]
[BlackElo "2003"]
[PlyCount "64"]
[EventDate "2006.08.06"]
[EventType "tourn"]
[EventRounds "9"]
[EventCountry "GER"]
[SourceTitle "EXT 2007"]
[Source "ChessBase"]
[SourceDate "2006.11.23"]
[SourceVersion "1"]
[SourceVersionDate "2006.11.23"]
[SourceQuality "1"]

1. e4 c5 2. Nf3 e6 3. d4 cxd4 4. Nxd4 Qb6 5. Nb3 Qc7 6. Be3 Nf6 7. Bd3 d6 8. 0-0 a6 9. N1d2 Be7 10. c3 Nbd7 11. Qe2 0-0 12. a4 b6 13. Nd4 Bb7 14. f4 Nc5 15. Bf2 Nxd3 16. Qxd3 Rfe8 17. N4f3 e5 18. Rfe1 exf4 19. Bd4 Nd7 20. b4 Ne5 21. Qf1 Rac8 22. Kh1 Bf6 23. Rac1 d5 24. exd5 Nxf3 25. Rxe8+ Rxe8 26. Nxf3 Bxd4 27. Nxd4 Bxd5 28. h3 Bc4 29. Qf3 Qe5 30. Qc6 Bd5 31. Qxb6 Qe3 32. Rf1 Qxh3+ 0-1

[Event "GER-ch U25"]
[Site "Willingen"]
[Date "2005.05.16"]
[Round "4"]
[White "Willems, Sebastian"]
[Black "Bigalke, Tobias"]
[Result "0-1"]
[WhiteElo "1786"]
[BlackElo "2009"]
[PlyCount "68"]
[EventDate "2005.05.14"]
[EventType "swiss"]
[EventRounds "9"]
[EventCountry "GER"]
[SourceTitle "CBM 106 Extra"]
[Source "ChessBase"]
[SourceDate "2005.07.01"]
[SourceVersion "1"]
[SourceVersionDate "2005.07.01"]
[SourceQuality "1"]

1. c4 e6 2. Nc3 Nf6 3. Nf3 c5 4. g3 Nc6 5. Bg2 Be7 6. 0-0 0-0 7. b3 a6 8. Bb2 Rb8 9. e3 b5 10. d3 Qc7 11. Qe2 Re8 12. Rfd1 d5 13. cxd5 exd5 14. d4 c4 15. Nd2 Be6 16. bxc4 bxc4 17. Rab1 Qa5 18. Nxc4 dxc4 19. Bxc6 Red8 20. Na4 Bf5 21. Bc3 Qc7 22. Rxb8 Rxb8 23. Qxc4 Be4 24. d5 Bf3 25. Rc1 Ba3 26. Re1 Ne4 27. Qd4 Nxc3 28. Nxc3 Rb4 29. Qd3 Bb2 30. Na4 Qc8 31. Nxb2 Rxb2 32. e4 Qg4 33. Qxa6 h6 34. Qa4 Qh3 0-1

[Event "GER U18 Gr-B"]
[Site "Oberhaching"]
[Date "2004.08.06"]
[Round "9"]
[White "Bigalke, Tobias"]
[Black "Zehnter, Sebastian"]
[Result "1/2-1/2"]
[WhiteElo "1981"]
[BlackElo "2114"]
[PlyCount "31"]
[EventDate "2004.08.01"]
[EventType "tourn"]
[EventRounds "9"]
[EventCountry "GER"]
[SourceTitle "EXT 2005"]
[Source "ChessBase"]
[SourceDate "2004.11.15"]
[SourceVersion "1"]
[SourceVersionDate "2004.11.15"]
[SourceQuality "1"]

1. Nf3 Nf6 2. g3 g6 3. Bg2 Bg7 4. 0-0 0-0 5. d3 d6 6. Nbd2 Nbd7 7. e4 e5 8. Nc4 Ne8 9. a4 h6 10. h3 Kh7 11. Nh2 f5 12. f4 fxe4 13. Bxe4 Nc5 14. Bg2 exf4 15. Bxf4 Ne6 16. Qc1 1/2-1/2

[Event "GER-ch U12"]
[Site "Willingen"]
[Date "2003.06.13"]
[Round "10"]
[White "Bigalke, Tobias"]
[Black "Scharnowski, Tobias"]
[Result "0-1"]
[WhiteElo "1767"]
[BlackElo "1658"]
[PlyCount "82"]
[EventDate "2003.06.08"]
[EventType "swiss"]
[EventRounds "11"]
[EventCountry "GER"]
[SourceTitle "CBM 094 Extra"]
[Source "ChessBase"]
[SourceDate "2003.07.09"]
[SourceVersion "2"]
[SourceVersionDate "2003.07.09"]
[SourceQuality "1"]

1. e4 c5 2. Nf3 e6 3. d4 cxd4 4. Nxd4 Nf6 5. Be3 Nc6 6. Bd3 d5 7. exd5 Nxd5 8. Nxc6 bxc6 9. 0-0 Be7 10. Bd2 a5 11. Qe2 Qb6 12. b3 Bf6 13. c3 0-0 14. Rc1 a4 15. Na3 Ba6 16. Nc4 Bxc4 17. Bxc4 axb3 18. Bxb3 Rfb8 19. Rab1 Qc7 20. Qf3 Rd8 21. c4 Ne7 22. Bc3 Bxc3 23. Qxc3 c5 24. Rb2 Nc6 25. Bc2 Nd4 26. Bd1 Ra6 27. Bf3 Qe5 28. Bd1 Ra3 29. Rb3 Rxa2 30. Rcb1 g6 31. g3 Qf5 32. R3b2 Rxb2 33. Qxb2 Qd3 34. Qb6 Rc8 35. Qb7 Rf8 36. Rc1 Qd2 37. Rb1 Qc3 38. Qa6 Nf5 39. Kg2 Qd4 40. Qb5 Nd6 41. Qa4 Qe4+ 0-1

[Event "GER-ch U12"]
[Site "Willingen"]
[Date "2003.06.10"]
[Round "6"]
[White "Savchenko, Aleksij"]
[Black "Bigalke, Tobias"]
[Result "1/2-1/2"]
[WhiteElo "1774"]
[BlackElo "1767"]
[PlyCount "79"]
[EventDate "2003.06.08"]
[EventType "swiss"]
[EventRounds "11"]
[EventCountry "GER"]
[SourceTitle "CBM 094 Extra"]
[Source "ChessBase"]
[SourceDate "2003.07.09"]
[SourceVersion "2"]
[SourceVersionDate "2003.07.09"]
[SourceQuality "1"]

1. d4 d5 2. Nf3 Nf6 3. c4 e6 4. Nc3 Nbd7 5. Bg5 c6 6. cxd5 cxd5 7. e3 Qa5 8. Bxf6 Nxf6 9. Bb5+ Bd7 10. Bxd7+ Nxd7 11. 0-0 Bd6 12. Qd3 h6 13. a3 f5 14. b4 Qd8 15. Qb5 Rb8 16. Ne5 Bxe5 17. dxe5 a6 18. Qa4 0-0 19. f4 Nb6 20. Qd1 Nc4 21. Rf3 Kh8 22. Rh3 Rf7 23. Ne2 Rc8 24. Nd4 Qe8 25. g4 fxg4 26. Qxg4 Re7 27. Ra2 Qf7 28. Rf3 Kh7 29. a4 b6 30. Rg2 g6 31. h4 Rg8 32. Qh3 Qe8 33. b5 axb5 34. axb5 Rgg7 35. Ra2 Qc8 36. Nc6 Rc7 37. Rf1 Rxc6 38. bxc6 Qxc6 39. Qf3 Qc5 40. Re1 1/2-1/2

[Event "GER-ch U12"]
[Site "Willingen"]
[Date "2003.06.09"]
[Round "3"]
[White "Bigalke, Tobias"]
[Black "Fink, Leander"]
[Result "1-0"]
[WhiteElo "1767"]
[BlackElo "1657"]
[PlyCount "119"]
[EventDate "2003.06.08"]
[EventType "swiss"]
[EventRounds "11"]
[EventCountry "GER"]
[SourceTitle "CBM 094 Extra"]
[Source "ChessBase"]
[SourceDate "2003.07.09"]
[SourceVersion "2"]
[SourceVersionDate "2003.07.09"]
[SourceQuality "1"]

1. e4 c5 2. Nf3 Nc6 3. d4 cxd4 4. Nxd4 e5 5. Nb3 d6 6. Nc3 Be6 7. Be3 Nf6 8. f3 Be7 9. Qd2 d5 10. exd5 Nxd5 11. Nxd5 Bxd5 12. Bd3 0-0 13. 0-0 h6 14. Rad1 Bg5 15. f4 exf4 16. Bxf4 Bxf4 17. Qxf4 Qg5 18. Qxg5 hxg5 19. c4 Be6 20. Nc5 Bg4 21. Rd2 b6 22. Ne4 Ne5 23. Nf2 Be6 24. b3 Nxd3 25. Rxd3 Rfe8 26. Rfd1 Re7 27. h3 Rae8 28. g4 Bc8 29. Kg2 Bb7+ 30. Kh2 Re2 31. R1d2 Rxd2 32. Rxd2 Re7 33. Nd1 f6 34. Kg3 Kf7 35. Kf2 g6 36. Nc3 Bc6 37. b4 Rd7 38. Nd5 Bxd5 39. cxd5 Ke7 40. Ke3 Kd6 41. Kd4 b5 42. Rc2 Rc7 43. Rf2 Rf7 44. a4 f5 45. axb5 f4 46. Ra2 Rb7 47. Ra6+ Rb6 48. Rxa7 Rxb5 49. Ra6+ Kc7 50. Kc4 Rb8 51. Rf6 Rb6 52. Rf7+ Kd6 53. b5 Ke5 54. Re7+ Kd6 55. Re6+ Kc7 56. Kc5 Rxe6 57. dxe6 f3 58. b6+ Kd8 59. b7 Kc7 60. e7 1-0

[Event "GER-ch U12"]
[Site "Winterberg"]
[Date "2002.05.25"]
[Round "11"]
[White "Gorodetski, Boris"]
[Black "Bigalke, Tobias"]
[Result "1-0"]
[WhiteElo "1309"]
[BlackElo "1516"]
[PlyCount "89"]
[EventDate "2002.05.19"]
[EventType "swiss"]
[EventRounds "11"]
[EventCountry "GER"]
[SourceTitle "CBM 088 Extra"]
[Source "ChessBase"]
[SourceDate "2002.07.01"]
[SourceVersion "2"]
[SourceVersionDate "2002.07.01"]
[SourceQuality "1"]

1. d4 d5 2. e3 e6 3. Bd3 c5 4. c3 Nc6 5. f4 Bd6 6. Nf3 Nf6 7. Nbd2 Bd7 8. Ne5 0-0 9. 0-0 c4 10. Bc2 b5 11. Qf3 b4 12. Qh3 g6 13. Ndf3 Kg7 14. g4 a5 15. g5 Nh5 16. Bd1 Kg8 17. Nxc6 Bxc6 18. Nd2 Ng7 19. Bc2 Qc7 20. Nf3 Rfb8 21. Ne5 Bxe5 22. fxe5 Qe7 23. Qg4 Bb5 24. Rf3 Qf8 25. Bd2 b3 26. Bd1 Qe8 27. a3 Nf5 28. Be2 Kg7 29. Raf1 Ra7 30. R1f2 Qe7 31. Rf1 Bc6 32. R1f2 Rh8 33. Rh3 Raa8 34. Rf1 h6 35. gxh6+ Rxh6 36. e4 Rxh3 37. Bg5 Qf8 38. Qxh3 Kg8 39. exf5 exf5 40. Rf4 f6 41. Bxf6 Kf7 42. Qh7+ Ke6 43. Qxg6 Qe8 44. Qxf5+ Kf7 45. Bh4+ 1-0